Measure of a man: methods of employee performance rating (Record no. 441682)

000 -LEADER
fixed length control field 00398cam a22001217a 4500
008 - FIXED-LENGTH DATA ELEMENTS--GENERAL INFORMATION
fixed length control field 180718b1965 xxu||||| |||| 00| 0 eng d
082 ## - DEWEY DECIMAL CLASSIFICATION NUMBER
Classification number K45 N811
100 ## - MAIN ENTRY--PERSONAL NAME
Personal name Eargle , Fred L
245 ## - TITLE STATEMENT
Title Measure of a man: methods of employee performance rating
Statement of responsibility, etc. by Fred L . Eargle
260 ## - PUBLICATION, DISTRIBUTION, ETC.
Place of publication, distribution, etc. Carolina
Name of publisher, distributor, etc. The Industrial Extention Service School of Engineering
Date of publication, distribution, etc. 1965
300 ## - PHYSICAL DESCRIPTION
Extent 12p.
650 ## - SUBJECT ADDED ENTRY--TOPICAL TERM
Topical term or geographic name entry element Service rating
Holdings
Withdrawn status Lost status Damaged status Not for loan Permanent Location Current Location Date acquired Full call number Barcode Date last seen Price effective from Koha item type
        Indian Institute of Public Administration Indian Institute of Public Administration 2011-01-21 K45 N811 42233 2018-07-21 2018-07-21 Book

Powered by Koha